MARC details
| 000 -CABECERA |
| campo de control de longitud fija |
02615nam a2200325 a 4500 |
| 003 - IDENTIFICADOR DEL NÚMERO DE CONTROL |
| campo de control |
DO-SdBNP |
| 005 - FECHA Y HORA DE LA ÚLTIMA TRANSACCIÓN |
| campo de control |
20240517083956.0 |
| 007 - CAMPO FIJO DE DESCRIPCIÓN FÍSICA--INFORMACIÓN GENERAL |
| campo de control de longitud fija |
ta |
| 008 - DATOS DE LONGITUD FIJA--INFORMACIÓN GENERAL |
| campo de control de longitud fija |
221118e2012 dr ao||gr|||| 001 0dspa d |
| 020 ## - NÚMERO INTERNACIONAL ESTÁNDAR DEL LIBRO |
| Número Internacional Estándar del Libro |
9789945882049 |
| 040 ## - FUENTE DE LA CATALOGACIÓN |
| Centro catalogador/agencia de origen |
DO-SdBNP |
| Lengua de catalogación |
spa |
| Centro/agencia transcriptor |
BNPHU |
| 082 #4 - NÚMERO DE LA CLASIFICACIÓN DECIMAL DEWEY |
| Número de edición |
22 |
| Número de documento/Ítem |
V427c |
| 111 ## - ENTRADA PRINCIPAL--NOMBRE DE CONGRESO/REUNIÓN |
| Nombre de congreso/reunión o jurisdicción como elemento de entrada |
Concurso de Arte Eduardo León Jiménez |
| Número del congreso/reunión o número de parte o sección |
(XXIV: |
| Fecha del congreso/reunión |
2012: |
| Sede del congreso/Lugar de la reunión |
Sanitago de los Caballeros, República Dominicana.) |
| 9 (RLIN) |
85493 |
| 245 00 - MENCIÓN DE TÍTULO |
| Título |
Veinticuatro: |
| Resto del título |
concurso de arte Eduardo León Jiménez. |
| 264 #1 - PRODUCCIÓN, PUBLICACIÓN, DISTRIBUCIÓN, FABRICACIÓN Y COPYRIGHT |
| Producción, publicación, distribución, fabricación y copyright |
Sanitago de los Caballeros, República Dominicana : |
| Nombre del de productor, editor, distribuidor, fabricante |
Centro León, |
| Fecha de producción, publicación, distribución, fabricación o copyright |
2012. |
| 300 ## - DESCRIPCIÓN FÍSICA |
| Extensión |
135 páginas : |
| Otras características físicas |
ilustraciones, fotografías ; |
| Dimensiones |
30 cm. |
| 336 ## - TIPO DE CONTENIDO |
| Fuente |
rdacontent |
| Término de tipo de contenido |
texto |
| Código de tipo de contenido |
txt |
| 337 ## - TIPO DE MEDIO |
| Fuente |
rdamedia |
| Nombre/término del tipo de medio |
sin mediación |
| Código del tipo de medio |
n |
| 338 ## - TIPO DE SOPORTE |
| Fuente |
rdacarrier |
| Nombre/término del tipo de soporte |
volumen |
| Código del tipo de soporte |
nc |
| 500 ## - NOTA GENERAL |
| Nota general |
Incluye Catálogo de Obras páginas 130 -133. |
| 500 ## - NOTA GENERAL |
| Nota general |
Incluye biografía del jurado páginas 36 -37. |
| 505 ## - NOTA DE CONTENIDO CON FORMATO |
| Título |
La innovación como principio. / |
| Mención de responsabilidad |
Rafael Emilio Yunén, Director General Centro León.--<br/> |
| Título |
Cuando la Constancia y el profesionalismo se dan las manos. / |
| Mención de responsabilidad |
José M. Fernández Pequeño, Gerente de Programas Culturales Centro León.--<br/> |
| Título |
Las potencialidades del arte dominicano contemporáneo. / |
| Mención de responsabilidad |
Karenia Guillarón, Coordinadora de Artes Visuales Centro León. Sara Hermann, Asesora de Artes Visuales Centro León.--<br/> |
| Título |
Opiniones sobre la exposición.--<br/> |
| Información miscelánea |
Jurados: |
| Título |
XXIV Concurso de Arte Eduardo León Jiménez.--<br/> |
| Información miscelánea |
Laudo de selección: |
| Título |
XXIV Concurso de Arte Eduardo León Jiménez.--<br/> |
| Información miscelánea |
Artistas seleccionados y Obras: |
| Título |
Soraya Abu Naba´a,.-- |
| -- |
Yoel Bordas.-- |
| -- |
Carlos de León.-- |
| -- |
OPilibio Díaz.-- |
| -- |
Evelyn Espaillat.-- |
| -- |
Marie Jiménez.-- |
| -- |
Hulda Guzmán.-- |
| -- |
Sayuri Guzmán.-- |
| -- |
Citally Miranda.-- |
| -- |
Jochi Muñoz.-- |
| -- |
Raquel Paiewonsky.-- |
| -- |
David Pérez, Karmadavis.-- |
| -- |
José Pión.-- |
| -- |
Francisco (Pancho) Rodríguez.-- |
| -- |
Juan Zapata.-- |
| Información miscelánea |
Laudo de Premiación: |
| Título |
XXIV Concurso de Arte Eduardo León Jiménez.-- |
| -- |
Catálogo de Obras. |
| 586 ## - NOTA DE PREMIOS |
| Nota de premios |
PREMIO IGUALITARIO A: Hulda Guzmán (1984).-- Carlos de León, (1988).-- Raquel Paiewonski (1969).--<br/>PREMIO COLECCIÓN PATRICIA PHELPS DE CISNEROS: Yoel Bardas, (1980).-- <br/>PREMIO FRANCÉS AL TALENTO JOVEN: Francisco (Pancho) Rodríguez, (1979).--<br/>PREMIO CIUDAD DE CÁDIZ: Sayuri Guamán, (1976).<br/><br/><br/><br/> |
| 590 ## - NOTA LOCAL (RLIN) |
| Nota local |
Inventariado 2024 / MF |
| 650 #4 - PUNTO DE ACCESO ADICIONAL DE MATERIA--TÉRMINO DE MATERIA |
| 9 (RLIN) |
81690 |
| Término de materia o nombre geográfico como elemento de entrada |
Arte |
| Subdivisión de forma |
Concursos |
| Subdivisión geográfica |
República Dominicana |
| 650 #4 - PUNTO DE ACCESO ADICIONAL DE MATERIA--TÉRMINO DE MATERIA |
| 9 (RLIN) |
73687 |
| Término de materia o nombre geográfico como elemento de entrada |
Pintura |
| Subdivisión general |
Concursos |
| Subdivisión geográfica |
República Dominicana |
| 650 ## - PUNTO DE ACCESO ADICIONAL DE MATERIA--TÉRMINO DE MATERIA |
| 9 (RLIN) |
76641 |
| Término de materia o nombre geográfico como elemento de entrada |
Artistas plásticos |
| Subdivisión geográfica |
República Dominicana |
| 710 2# - PUNTO DE ACCESO ADICIONAL--NOMBRE DE ENTIDAD CORPORATIVA |
| Nombre de entidad corporativa o nombre de jurisdicción como elemento de entrada |
Cervecería Nacional Dominicana. |
| 9 (RLIN) |
82852 |
| 942 ## - ELEMENTOS DE PUNTO DE ACCESO ADICIONAL (KOHA) |
| Fuente del sistema de clasificación o colocación |
Dewey Decimal Classification |
| Tipo de ítem Koha |
Libro |